000 00424cam a22001337a 4500
008 180718b1963 xxu||||| |||| 00| 0 eng d
082 _aAPPPA 1963/9
100 _aSakuntala, P.S.
245 _aOrganisational pattern of the education ministry
_cby P.S. Sakuntala
260 _aNew Delhi
_bIndian Institute of Public Administration
_c1963
300 _a38p.
650 _aEducation ministry
650 _aOrganisational pattern
999 _c501214
_d501214